000 00465nam a2200169Ia 4500
003 GCL
008 140319s9999 xx 000 0 ara d
040 _aGCL /
_cGCL
082 0 4 _aط
_b372.5
_bد ل
100 1 _aدار الشروق
245 1 0 _aلون و اضحك مع بطوط /
_cدار الشروق
490 _aمجموعة الفنان الصغير
_v0
650 0 4 _aالاطفال
650 0 4 _aالرسم
650 0 4 _aالتلوين
942 _2ddc
_cBK
999 _c51432
_d51432